00809nab a2200217uuc450000100070000000500170000700800410002403500110006503500210007604000130009704100080011010000540011824501360017265000280030865000340033665000340037065100770040477300810048194200100056299900190057296174120240301085709.0060202e20050601 spa  a961741 a(OCoLC)820343311 ccomduadb aspa10aGonzález Pacciotti, Margarita4auteaut977761310aDon Ambrosio Pisco señor de Chia y Principe de Bogota : aspectos de la participacion indigena en la insurreccion de los Comuneros aPisco, Ambrosio9155559 aRebeliones indígenas970202 aResguardos indígenas922640 7aColombiaxHistoriayInsurección de los Comuneros, 17812armarc98600300 tAl Margen (Bogotá)gNo. 14, Jun. 2005, p. 16-51w961545x1657-73100379066 cARIMP c379948d379948